5 größte Städte pro Kontinent - Statistiken

Allgemein
  • Dieses Quiz wurde 110 mal gespielt
  • Das Durchschnittsergebnis liegt bei 19 aus 30
Antwortstatistiken
Einwohner Antwort % Korrekt
14.520.000 Moskau
95%
9.380.000 Paris
94%
10.420.000 London
92%
33.410.000 Tokio
92%
4.150.000 Sydney
90%
25.570.000 Kairo
89%
5.580.000 Madrid
86%
15.010.000 Istanbul
84%
13.920.000 New York City
80%
29.560.000 Shanghai
76%
12.740.000 Los Angeles
75%
17.730.000 Mexiko-Stadt
73%
3.640.000 Melbourne
72%
9.500.000 Rio de Janeiro
71%
14.080.000 Buenos Aires
70%
12.790.000 Lagos
67%
18.950.000 São Paulo
65%
1.080.000 Perth
62%
10.620.000 Bogotá
61%
10.580.000 Lima
61%
30.220.000 Delhi
58%
5.490.000 Toronto
54%
1.120.000 Auckland
52%
10.940.000 Kinshasa
47%
1.070.000 Brisbane
46%
41.910.000 Jakarta
45%
11.370.000 Luanda
31%
36.590.000 Dhaka
27%
7.800.000 Daressalam
18%
4.600.000 Santo Domingo
8%
Keine übereinstimmenden Quizze gefunden
Verteilung der Resultate
Anzahl Personen mit jedem Resultat
Perzentil nach korrekt beantworteten Fragen
Ihre Resultats-Entwicklung
Sie haben dieses Quiz noch nicht gespielt